Poruchy parných kotlov

Bibliographic Details
Main Author: Úradník, Ján (Author)
Format: Article
Language:Slovak
Subjects:

MARC

LEADER 00000nab a2200000 a 4500
001 vtls000432819
003 SK-MaSNL
005 20260302233716.0
008 120925c1991 xo 0 slo
015 |a SNBRA19rr/mm-uuuuu 
035 |a CL0432947 
040 |a SNKBUCL  |b slo  |c SNKBUCL  |e AACR2 
041 0 |a slo 
044 |a xo  |c SK 
080 |a 621.18:620.19  |2 1981 
080 |a 620.19  |2 1981 
100 1 |a Úradník, Ján  |4 aut  |9 943258 
245 1 0 |a Poruchy parných kotlov  |c Ján Úradník 
650 0 7 |a parné kotly  |2 snkbucl  |9 15117 
655 7 |a články zo zborníkov  |2 snkbucl  |9 166140 
773 0 |t Obsluha parných a horúcovodných kotlov 3. a 4. triedy  |d Žilina : SEDOVA-MH, 1991 
850 |a Slovenská národná knižnica v Martine  |a MTA001 
852 |a SNK  |b KIS3GCP 
958 |a RK 
992 |a RZB 
999 |c 1547549  |d 1549479